000 00356nam a2200145 i 4500
001 bg
100 1 _aBOSS, Janusz.
245 1 0 _aAparatura procesowa.
_nCz. 1,
_pProcesy dynamiczne /
_cJanusz Boss.
260 _aOpole,
_c1981.
040 _cBPK
041 _apol
080 _a66.01/.09(075.8)
942 _cKS
008 s pl f |000 0 pol
999 _c20570
_d20570
856 _uhttp://koha.tu.koszalin.pl/cgi-bin/koha/opac-detail.pl?biblionumber=20570
_yKatalog online BPK